Iglesia y economía: responsabilidad común por el futuro de la economía mundial
Uloženo v:
| Hlavní autor: | |
|---|---|
| Médium: | Kniha |
| Jazyk: | španělština |
| Vydáno: |
Mainz
V. Hase & Koehler
1987
|
| Témata: | |
| Tagy: |
Přidat tag
Žádné tagy, Buďte první, kdo vytvoří štítek k tomuto záznamu!
|
MARC
| LEADER | 00000cam a2200000 a 4500 | ||
|---|---|---|---|
| 001 | UCI2695 | ||
| 003 | CL-VaPUC | ||
| 008 | 070907e19870000GW |||||||||||||||||spa|d | ||
| 020 | |a 3775811702 | ||
| 082 | 0 | 4 | |a 261.8 |b THE |2 21 |
| 100 | 0 | |a Thesing, Josef |e author |9 523825 | |
| 245 | 1 | 0 | |a Iglesia y economía: responsabilidad común por el futuro de la economía mundial |
| 300 | |a 148 p | ||
| 942 | |c BK | ||
| 945 | |d 20070907 00:00:00 |a rbrito | ||
| 260 | |a Mainz |b V. Hase & Koehler |c 1987 | ||
| 650 | 7 | |a IGLESIA Y ECONOMIA |2 CL-VaPUC |9 257620 | |
| 650 | 0 | |a Moral social |9 310700 | |
| 650 | 0 | |a Desarrollo económico y social |9 256320 | |
| 650 | 0 | |a Doctrina social de la iglesia |9 257333 | |
| 650 | 0 | |a Pobreza |9 258652 | |
| 650 | 0 | |a Responsabilidad social |9 339076 | |
| 650 | 7 | |a PROTECCIONISMO |2 CL-VaPUC |9 338779 | |
| 583 | |a last modification |c 20111003 05:25:39 |k Rodrigo Vera | ||
| 999 | |c 327173 |d 327171 | ||
| 952 | |0 0 |1 0 |4 0 |6 261_800000000000000_THE_1987 |7 0 |8 A |9 409653 |a BIBTEO |b BIBTEO |d 2019-11-22 |i 4369297 |o 261.8 THE 1987 |p 4369297 |r 2025-01-17 |w 2019-11-22 |y BK |k ICR | ||